El niño y su arte
| Glavni autor: | |
|---|---|
| Format: | Knjiga |
| Jezik: | španjolski |
| Izdano: |
Buenos Aires, Argentina :
Kapelusz,
1981
|
| Teme: |
MARC
| LEADER | 00000nam a2200000Ia 4500 | ||
|---|---|---|---|
| 008 | 170504b1981 a ||||| |||| 00| | spa d | ||
| 999 | |c 1204 |d 1204 | ||
| 090 | |a 706. 9 |b L917n | ||
| 100 | 1 | |a Lowenfeld, Viktor |9 2699 | |
| 245 | 1 | 3 | |a El niño y su arte |
| 260 | |a Buenos Aires, Argentina : |b Kapelusz, |c 1981 | ||
| 300 | |a 202 páginas | ||
| 650 | 1 | 4 | |a NIÑOS |9 59 |
| 650 | 1 | 4 | |a PSICOLOGÍA |9 657 |
| 650 | 1 | 4 | |a ARTE |9 421 |
| 942 | |i 305688 |h 706. 9 L917n |2 z |c 01 | ||
